NCAA College Teams by State: Virginia - Statistics

General Stats
  • This quiz has been taken 82 times
  • The average score is 17 of 37
Answer Stats
% Correct
Division I-A Virginia Cavaliers
100%
Division I-A Virginia Tech Hokies
100%
Division I-A James Madison Dukes
90%
Division I-A Old Dominion Monarchs
90%
Division I-AA Richmond Spiders
87%
Division I-A Liberty Flames
85%
Division I-AA William & Mary Tribe
82%
Division I-AA Norfolk State Spartans
72%
Division I-AA VMI Keydets
70%
Division I-AA George Mason Patriots
67%
Division I-AA Hampton Pirates
67%
Division I-AA VCU Rams
66%
Division II Virginia State Trojans
63%
Division I-AA Radford Highlanders
57%
Division I-AA Longwood Lancers
49%
Division III Washington and Lee Generals
46%
Division III Roanoke Maroons
42%
Division III Christopher Newport Captains
39%
Division III Lynchburg Hornets
37%
Division III Mary Washington Eagles
36%
Division II Virginia Union Panthers
34%
Division III Shenandoah Hornets
33%
Division III Randolph WildCats
31%
Division III Randolph-Macon Yellow Jackets
31%
Division II Virginia-Wise Cavaliers
28%
Division III Bridgewater Eagles
24%
Division III Virginia Wesleyan Marlins
24%
Division III Averett Cougars
22%
Division III Hampden-Sydney Tigers
22%
Division III Eastern Mennonite Royals
21%
Division III Southern Virginia Knights
21%
Division III Ferrum Panthers
19%
Division III Mary Baldwin Fighting Squirrels
19%
Division III Sweet Briar Vixens
18%
Division II Emory and Henry Wasps
16%
Division III Marymount Saints
15%
Division III Hollins N/A
13%
No matching quizzes found
Score Distribution
Percent of People with Each Score
Percentile by Number Answered
Your Score History
You have not taken this quiz